000
00286nam a2200109Ia 4500
005
20251222141927.0
008
251222s9999||||xx |||||||||||||| ||spa||
082
_a
869.57/C75P
100
_a
"Colchado Lucio, Oscar, comp."
245
0
_a
Cuentos peruanos: AntologĂa didáctica
942
_c
LIB
999
_c
8898
_d
8898